[Event "Foment Martinenc op-B 16th"]
[Site "Barcelona"]
[Date "2014.06.07"]
[Round "7"]
[White "Calbet Freixanet, Eduard"]
[Black "Marzo Pie, Xavier"]
[Result "0-1"]
[WhiteElo "1886"]
[BlackElo "1942"]
[PlyCount "54"]
[EventDate "2014.04.26"]
[EventType "swiss"]
[EventRounds "9"]
[EventCountry "ESP"]
[SourceTitle "EXT 2015"]
[Source "ChessBase"]
[SourceDate "2014.11.20"]
[SourceVersion "1"]
[SourceVersionDate "2014.11.20"]
[SourceQuality "1"]

1. d4 d5 2. c4 e6 3. Nc3 Nf6 4. Bg5 Nbd7 5. e3 c6 6. Nf3 Bb4 7. Nd2 Qa5 8. Qc2 0-0 9. Nb3 Qa4 10. Bd3 dxc4 11. Bxc4 Bxc3+ 12. Qxc3 Ne4 13. Qc2 Nxg5 14. Bd3 f5 15. h4 Nf7 16. g4 Nd6 17. 0-0-0 Qxa2 18. gxf5 exf5 19. f3 Nb6 20. Rdg1 Nd5 21. Kd2 Qa4 22. Rg5 Qb4+ 23. Ke2 Re8 24. Rhg1 Nxe3 25. Rxg7+ Kh8 26. Qc1 Qxb3 27. Kf2 Qxd3 0-1

[Event "Foment Martinenc op-B 15th"]
[Site "Barcelona"]
[Date "2013.04.20"]
[Round "1"]
[White "Calbet Freixanet, Eduard"]
[Black "Alvarez Albiol, Daniel"]
[Result "1-0"]
[WhiteElo "1676"]
[BlackElo "1700"]
[PlyCount "35"]
[EventDate "2013.04.20"]
[EventType "swiss"]
[EventRounds "9"]
[EventCountry "ESP"]
[SourceTitle "CBM 154 Extra"]
[Source "ChessBase"]
[SourceDate "2013.06.25"]
[SourceVersion "2"]
[SourceVersionDate "2013.06.25"]
[SourceQuality "1"]

1. d4 d5 2. c4 Nf6 3. Nc3 Nc6 4. Nf3 e6 5. Bg5 h6 6. Bh4 Bb4 7. a3 Ba5 8. b4 Nxb4 9. axb4 Bxb4 10. Qa4+ Bd7 11. Qxb4 g5 12. Bg3 Ne4 13. Nxe4 dxe4 14. Nd2 Qf6 15. Be5 Qf5 16. Nxe4 Qxe4 17. Bf6 c5 18. Qxc5 1-0

[Event "Montseny op 3rd"]
[Site "Montseny"]
[Date "2012.05.19"]
[Round "6"]
[White "Calbet Freixanet, Eduard"]
[Black "Salazar Navas, Josep"]
[Result "0-1"]
[WhiteElo "1570"]
[BlackElo "1878"]
[PlyCount "52"]
[EventDate "2012.04.14"]
[EventType "swiss"]
[EventRounds "8"]
[EventCountry "ESP"]
[SourceTitle "CBM 148 Extra"]
[Source "ChessBase"]
[SourceDate "2012.06.22"]
[SourceVersion "1"]
[SourceVersionDate "2012.06.22"]
[SourceQuality "1"]

1. d4 Nf6 2. c4 c5 3. d5 b5 4. cxb5 a6 5. b6 g6 6. Qb3 Bb7 7. Nc3 d6 8. e4 Nbd7 9. a4 a5 10. Bb5 Bg7 11. Nf3 0-0 12. Nd2 Nxb6 13. Nc4 Nxc4 14. Qxc4 Ng4 15. f3 Ne5 16. Qe2 e6 17. h4 exd5 18. exd5 c4 19. Bxc4 Nxc4 20. Qxc4 Re8+ 21. Ne2 Ba6 22. Qg4 Rxe2+ 23. Kd1 Qc7 24. Bd2 Bxb2 25. h5 Rxd2+ 26. Kxd2 Qc3+ 0-1

[Event "Barcelona La Lira op 30th"]
[Site "Barcelona"]
[Date "2012.02.10"]
[Round "4"]
[White "De la Fuente Clemente, Constantin"]
[Black "Calbet Freixanet, Eduard"]
[Result "1-0"]
[WhiteElo "1879"]
[BlackElo "1570"]
[PlyCount "79"]
[EventDate "2012.01.20"]
[EventType "swiss"]
[EventRounds "8"]
[EventCountry "ESP"]
[SourceTitle "EXT 2013"]
[Source "ChessBase"]
[SourceDate "2012.11.22"]
[SourceVersion "1"]
[SourceVersionDate "2012.11.22"]
[SourceQuality "1"]

1. e4 e6 2. d4 d5 3. Nd2 Nf6 4. e5 Nfd7 5. f4 c5 6. c3 Nc6 7. Ndf3 cxd4 8. cxd4 Be7 9. Bd3 f6 10. Nh4 f5 11. Qh5+ Kf8 12. Ng6+ Kg8 13. Nxh8 Bb4+ 14. Kf2 Kxh8 15. Nf3 g6 16. Qh3 Nxd4 17. Nxd4 Bc5 18. Be3 Qb6 19. Nc2 Bxe3+ 20. Qxe3 Qxb2 21. Rhb1 Qc3 22. Rb3 Qc7 23. Nd4 Nc5 24. Rc1 b6 25. Rbc3 Qe7 26. g3 Bd7 27. Nb3 Nxd3+ 28. Qxd3 g5 29. Rc7 gxf4 30. Rg1 Rg8 31. Qa6 fxg3+ 32. hxg3 f4 33. Rh1 fxg3+ 34. Kg2 Qg7 35. Qd3 Rf8 36. Rf1 Rxf1 37. Qxf1 h5 38. Qf6 Qxf6 39. exf6 Bb5 40. Rc8+ 1-0

[Event "Barcelona La Lira op 30th"]
[Site "Barcelona"]
[Date "2012.01.20"]
[Round "1"]
[White "Calbet Freixanet, Eduard"]
[Black "Corominas Garrido, Jordi"]
[Result "1-0"]
[WhiteElo "1570"]
[BlackElo "1904"]
[PlyCount "87"]
[EventDate "2012.01.20"]
[EventType "swiss"]
[EventRounds "8"]
[EventCountry "ESP"]
[SourceTitle "EXT 2013"]
[Source "ChessBase"]
[SourceDate "2012.11.22"]
[SourceVersion "1"]
[SourceVersionDate "2012.11.22"]
[SourceQuality "1"]

1. d4 e6 2. c4 f5 3. Nf3 Nf6 4. Bg5 Be7 5. e3 0-0 6. Bd3 Qe8 7. Nc3 c6 8. Qc2 d5 9. c5 b6 10. b4 a5 11. Na4 bxc5 12. bxc5 Ba6 13. Nb6 Bxd3 14. Qxd3 Nfd7 15. Nxa8 Bxg5 16. Nxg5 Qg6 17. Nc7 Qxg5 18. Nxe6 Qxg2 19. Qf1 Qxf1+ 20. Rxf1 Re8 21. Nf4 Kf7 22. Ke2 Nf6 23. Rab1 Nbd7 24. Rb7 h6 25. f3 g5 26. Nh5 Kg6 27. Nxf6 Nxf6 28. Rfb1 h5 29. R7b6 Re6 30. Ra6 g4 31. Rbb6 f4 32. Rxc6 Rxe3+ 33. Kd2 Rxf3 34. Rxf6+ Kg5 35. c6 Rf2+ 36. Ke1 Rc2 37. Rd6 g3 38. Rxd5+ Kg4 39. hxg3 fxg3 40. c7 Rxc7 41. Rg6+ Kf3 42. Rxh5 Rc2 43. Rh3 Rg2 44. Rhxg3+ 1-0